| 000 | 00801cam a2200253 a 4500 | ||
|---|---|---|---|
| 999 |
_c1920 _d1920 |
||
| 001 | 14434 | ||
| 003 | BD-DhUAP | ||
| 005 | 20200218094939.0 | ||
| 008 | 200218s2015 bg b 001 0 eng | ||
| 020 | _a9789849067184 | ||
| 040 |
_aDLC _cDLC _bEng _dBD-DhUAP |
||
| 082 |
_223 _a363.325 HAL |
||
| 100 | 1 | _aHalim, Md. Abdul. | |
| 245 | 1 | 0 |
_aTerrorism and Counter-Terrorism : _blegal issues, challenges and responses / _cMd. Abdul Halim and Farhana Helal Mehtab. |
| 250 | _a1st ed. | ||
| 260 |
_aDhaka : _bCCB foundation, _cc2015. |
||
| 300 |
_a364 pages ; _c23 cm. |
||
| 504 | _aIncludes bibliographical references and index. | ||
| 650 | _aTerrorism. | ||
| 650 |
_aTerrorism _xPrevention. |
||
| 650 |
_aTerrorism _xMoral and ethical aspects. |
||
| 700 | _aMehtab, Farhana Helal. | ||
| 942 |
_2ddc _cBK |
||